000 00370nam a2200145Ia 4500
008 191201s2012 xx 000 0 und d
082 _a621.382
_bSTI
100 _aSTALLINGS, William
245 0 _aISDN and Broadband ISDN with Frame Relay and ATM
250 _a7th IMP
260 _aN. Delhi
_bPearson
_c2012
300 _a552
650 _aB.Tech(IT)
942 _2ddc
_cBK
999 _c5502
_d5502